La responsabilidad social de las empresas en el mundo global /

Análisis crítico de las causas que han contribuido a la construcción del extraordinario poder e influencia que las grandes empresas gozan en el contexto de la globalización, así como al desplome del prestigio social del mundo empresarial privado. Las grandes empresas mundiales han convertido a la co...

Fuld beskrivelse

Guardado en:
Bibliografiske detaljer
Hovedforfatter: Perdiguero, Tomás G. (autor)
Format: Bog
Sprog:spansk
Udgivet: Barcelona, España : Anagrama, 2003, c2003
Serier:(Argumentos ; 303)
Fag:
Tags: Tilføj Tag
Ingen Tags, Vær først til at tagge denne postø!

MARC

LEADER 00000nam^a2200000^a^4500
001 000152518
005 20250521000000.0
009 20260310100248.145
020 |a 84-339-6196-9 
037 |a Acervo ITESO - Biblioteca 
041 |a ESP 
082 |a 174. 4  |b PER 
100 |a Perdiguero, Tomás G.  |e (autor) 
245 1 3 |a La responsabilidad social de las empresas en el mundo global /  |c T.G. Perdiguero. 
264 4 |a Barcelona, España :  |b Anagrama,  |c 2003, c2003 
300 |a 215 p. 
336 |a texto  |b txt  |2 rdacontenido 
337 |a sin mediación  |b n  |2 rdamedio 
338 |a volumen  |b nc  |2 rdasoporte 
440 1 |a (Argumentos ;  |v 303) 
520 |a Análisis crítico de las causas que han contribuido a la construcción del extraordinario poder e influencia que las grandes empresas gozan en el contexto de la globalización, así como al desplome del prestigio social del mundo empresarial privado. Las grandes empresas mundiales han convertido a la codicia y las metas de enriquecimiento personal en un derecho sagrado, que es incompatible con los límites éticos admitidos por la mayor parte de los ciudadanos y ha incidido en el crecimiento de la exclusión social o en la extensión y profundización de todo tipo de desigualdades. Sin embargo, entre el éxito y el desprestigio empresarial, se propone el concepto de responsabilidad social de las empresas como un enfoque crítico y alternativo a los modelos de crecimiento diseminados por las grandes corporaciones. 
586 |a Premio Anagrama de Ensayo (31°: 2003): finalista 
649 |a XX 
650 |a Empresa y Sociedad -  |x Tema Principal 
650 |a Empresas -  |x Administración 
650 |a Responsabilidad -  |x Tema Principal 
650 |a Etica en los Negocios -  |x Tema Principal 
650 |a Etica Social 
650 |a Etica Profesional 
650 |a Administración 
650 |a Ciencias Administrativas 
650 |a Globalización -  |x Aspectos Económicos 
650 |a Sociología de la Economía 
650 |a Economía Internacional 
650 |a Economía -  |x Aspectos Eticos 
910 |a Fondo General 
920 |a Impresos - Libros 
930 |a Colección General 
905 |a 101 
901 |a 0500081226  |b IT1  |c ACC  |u 20250521 
902 |a https://opac.biblio.iteso.mx/vufind/Record/000152518